Statistics for Movies With Places in the Title #2

Click here to take the quiz!

General Stats

  • This quiz has been taken 44,282 times
    (31,717 since last reset)
  • The average score is 14 of 24

Answer Stats

Year Movie % Correct
2002Sweet Home {Alabama}
93%
2013The Wolf of {Wall} {Street}
93%
2006{Miami} Vice
87%
1962Lawrence of {Arabia}
87%
2010When in {Rome}
87%
2014The Grand {Budapest} Hotel
79%
2006The Fast and the Furious: {Tokyo} Drift
78%
2011Midnight in {Paris}
76%
2013{Dallas} Buyers Club
75%
2008{Madagascar}: Escape 2 Africa
74%
1964Viva {Las} {Vegas}
73%
1981An American Werewolf in {London}
68%
1988Coming to {America}
63%
1981Escape from {New} {York}
55%
2006{Talladega} Nights: The Ballad
of Ricky Bobby
53%
1985Out of {Africa}
48%
2008Vicky Cristina {Barcelona}
45%
2004Hotel {Rwanda}
37%
1995Mr. {Holland}'s Opus
35%
1988Bull {Durham}
34%
2004Dirty Dancing: {Havana} Nights
30%
1986Down and Out in {Beverly} {Hills}
26%
1990{Memphis} Belle
25%
1949A {Connecticut} Yankee in
King Arthur's Court
25%

Score Distribution

Percentile by Number Answered

Percent of People with Each Score

Your Score History

You have not taken this quiz since the last reset